000 00365nam a2200157 i 4500
001 bg
100 1 _aBACHMAN, George
245 0 _aFunctional analysis /
_cG. Bachman, L. Narici.
260 _aNew York,
_c1966.
700 1 _aNARICI, Lawrence
040 _cBPK
041 _apol
080 _a517.98
942 _cKS
008 s pl f |000 0 pol
999 _c12208
_d12208
856 _uhttp://koha.tu.koszalin.pl/cgi-bin/koha/opac-detail.pl?biblionumber=12208
_yKatalog online BPK